Ensayos de vigor de nascencia: revisión bibliográfica /

Guardado en:
Autor Principal: García de Izaguirre, Álvaro.
Autor Corporativo: Consejo Superior de Investigaciones Científicas (España). Estación Experimental de Aula Dei.
Otros Autores: Lasa Dolhagaray, José Manuel.
Formato: Libro
Idioma:Spanish
Publicado: Zaragoza : Estación Experimental de Aula Dei, 1991.
Series:Boletines de la Estación Experimental de Aula Dei ; nº 14
Acceso en línea:Texto completo
Etiquetas: Agregar Etiqueta
Sin Etiquetas, Sea el primero en etiquetar este registro!
LEADER 00978nam a22002295a 4500
001 EEA.libagro005141
005 20181003123115.0
008 130809s1991####sp############000#0#spa#d
022 |a 0373-2115 
082 0 4 |a 631.52 
082 0 4 |a 582.0467 
082 0 4 |a 582.016 
100 1 |a García de Izaguirre, Álvaro. 
245 1 0 |a Ensayos de vigor de nascencia: revisión bibliográfica /  |c por A. García, J.M. Lasa. 
260 |a Zaragoza :  |b Estación Experimental de Aula Dei,  |c 1991. 
300 |a 64 p. ;  |c 24 cm. 
490 1 |a Boletines de la Estación Experimental de Aula Dei ;  |v nº 14 
530 |a Disponible también en línea 
700 1 |a Lasa Dolhagaray, José Manuel. 
710 2 |a Consejo Superior de Investigaciones Científicas (España).  |b Estación Experimental de Aula Dei. 
856 |u http://digital.csic.es/bitstream/10261/11629/1/ENSAYOS%20DE%20VIGOR%20DE%20NASCENCIA-REVISION%20BIBLIOGRAFICA.PDF  |3 Texto completo 
859 |a AR-BbBCA  |b BIB. AGRONOMIA  |h B631.52  |p 1995/2412